Statehood and the politics of intent (Record no. 91432)

000 -LEADER
fixed length control field 01064pab a2200169 454500
008 - FIXED-LENGTH DATA ELEMENTS--GENERAL INFORMATION
fixed length control field 180718b2011 xxu||||| |||| 00| 0 eng d
100 ## - MAIN ENTRY--PERSONAL NAME
Personal name Tillin, Louise
245 ## - TITLE STATEMENT
Title Statehood and the politics of intent
260 ## - PUBLICATION, DISTRIBUTION, ETC.
Date of publication, distribution, etc. 2011
300 ## - PHYSICAL DESCRIPTION
Extent p.34-38.
362 ## - DATES OF PUBLICATION AND/OR SEQUENTIAL DESIGNATION
Dates of publication and/or sequential designation 14 May
520 ## - SUMMARY, ETC.
Summary, etc. The creation of new states has generally been seen as an accident of political timing. Local leaders, arguing for or against separate states, are often seen as acting without intent and merely playing politics. This article argues that this is so because of a federal division of responsibility which facilitates state-level politicians to discount responsibility for their stance and encourages them to focus solely on short-term goals. The central government intervention in the debate about Telangana has meant that regional politicians have become less able to discount the future and have instead begun to engage with somewhat greater intent. - Reproduced.
650 ## - SUBJECT ADDED ENTRY--TOPICAL TERM
Topical term or geographic name entry element Politics and government
773 ## - HOST ITEM ENTRY
Main entry heading Economic and Political Weekly
908 ## - PUT COMMAND PARAMETER (RLIN)
Put command parameter N
909 ## -
-- 91432
Holdings
Withdrawn status Lost status Damaged status Not for loan Permanent Location Current Location Date acquired Serial Enumeration / chronology Barcode Date last seen Price effective from Koha item type
        Indian Institute of Public Administration Indian Institute of Public Administration 2018-07-19 Volume no: 46, Issue no: 20 AR91892 2018-07-19 2018-07-19 Articles

Powered by Koha